From Proto-Indo-European to Proto-Germanic /

Describing the earliest reconstructable stages of the prehistory of English, this title outlines the grammar of Proto-Indo-European and considers the changes by which one dialect of that prehistoric language developed into Proto-Germanic.

Bibliographic Details
Main Author: Ringe, Don, Jr., 1954- (Author)
Format: eBook
Language:English
Published: Oxford : Oxford University Press, 2017.
Edition:Second edition.
Series:Linguistic history of English ; volume I.
Subjects:
Online Access:Connect to the full text of this electronic book

MARC

Tag First Indicator Second Indicator Subfields
LEADER 00000cam a2200000 i 4500
001 in00005714607
005 20260319163721.9
006 m o d
007 cr |n|||||||||
008 170327s2017 enk ob 001 0 eng d
040 |a YDX  |b eng  |e rda  |e pn  |c YDX  |d N$T  |d AZU  |d UAB  |d OCLCF  |d U3G  |d OH1  |d EBLCP  |d BUF  |d STBDS  |d CEF  |d KSU  |d BRX  |d OTZ  |d WYU  |d LVT  |d OCLCQ  |d UKAHL  |d K6U  |d OCLCO  |d OCLCQ  |d SFB  |d OCLCQ  |d OCLCO  |d OCLCL  |d OCLCQ  |d UKKRT  |d OCLCQ  |d OCLCO  |d OCLCQ  |d OCLCO  |d OCLCA  |d OCLCL 
019 |a 980099033  |a 980474193  |a 980813839  |a 981045131  |a 981132125  |a 1001740876  |a 1001989207 
020 |a 9780191834578  |q (electronic bk.) 
020 |a 0191834572  |q (electronic bk.) 
020 |a 9780192511188  |q (electronic bk.) 
020 |a 0192511181  |q (electronic bk.) 
020 |z 0198792581 
020 |z 9780198792581 
035 |a (OCoLC)979813633  |z (OCoLC)980099033  |z (OCoLC)980474193  |z (OCoLC)980813839  |z (OCoLC)981045131  |z (OCoLC)981132125  |z (OCoLC)1001740876  |z (OCoLC)1001989207 
050 4 |a PE1075  |b .R545 2017 
072 7 |a LAN  |x 009000  |2 bisacsh 
082 0 4 |a 420.9  |2 23 
049 |a TXAM 
100 1 |a Ringe, Don,  |c Jr.,  |d 1954-  |e author.  |1 https://id.oclc.org/worldcat/entity/E39PBJjHjHdq8rBx4M6Bhv9bh3 
245 1 0 |a From Proto-Indo-European to Proto-Germanic /  |c Donald Ringe. 
250 |a Second edition. 
264 1 |a Oxford :  |b Oxford University Press,  |c 2017. 
300 |a 1 online resource 
336 |a text  |b txt  |2 rdacontent 
337 |a computer  |b c  |2 rdamedia 
338 |a online resource  |b cr  |2 rdacarrier 
490 1 |a A linguistic history of English ;  |v volume I 
520 8 |a Describing the earliest reconstructable stages of the prehistory of English, this title outlines the grammar of Proto-Indo-European and considers the changes by which one dialect of that prehistoric language developed into Proto-Germanic. 
504 |a Includes bibliographical references and index. 
588 0 |a Online resource, title from PDF title page (Oxford Scholarship, viewed November 14, 2017. 
505 0 |a Cover; From Proto-Indo-European to Proto-Germanic: Second edition; Copyright; Contents; Acknowledgments; Acknowledgments for the first edition; List of abbreviations; A note on transcription; 1: Introduction; 1.1 On this edition; 1.2 General introduction to the first edition; 2: Proto-Indo-European; 2.1 Introduction; 2.2 PIE phonology; 2.2.1 PIE obstruents; 2.2.2 PIE sonorants and high vowels; 2.2.3 PIE nonhigh vowels; 2.2.4 PIE phonological rules; 2.2.4 (i) Ablaut and laryngeals; 2.2.4 (ii) Syllabification of sonorants; 2.2.4 (iii) Some rules affecting obstruents; 2.2.4 (iv) Auslautgesetze 
505 8 |a 2.2.5 PIE accent2.3 PIE inflectional morphology; 2.3.1 PIE inflectional categories; 2.3.2 Formal expression of inflectional categories; 2.3.3 PIE verb inflection; 2.3.3 (i) Verb stems: from derivation to inflection; 2.3.3 (ii) The Nuclear IE mood suffixes; 2.3.3 (iii) Endings; 2.3.3 (iv) Nonfinite forms; 2.3.3 (v) The architecture of Core IE verb paradigms; 2.3.3 (vi) Sample Proto-Central IE verb paradigms; 2.3.4 PIE noun inflection; 2.3.4 (i) Endings; 2.3.4 (ii) Accent and ablaut patterns; 2.3.4 (iii) Sample Proto-Central IE noun paradigms; 2.3.5 PIE adjective inflection 
505 8 |a 2.3.6 The inflection of other PIE nominals2.3.6 (i) PIE numerals; 2.3.6 (ii) PIE `pronominal ́inflection; 2.3.6 (iii) PIE personal pronouns; 2.4 PIE derivational morphology; 2.4.1 Compounding; 2.4.2 PIE derivational suffixes; 2.4.2 (i) PIE noun-forming suffixes; 2.4.2 (ii) PIE adjective-forming suffixes; 2.4.2 (iii) Derivational suffixes that eventually became inflectional; 2.5 PIE syntax; 2.6 The PIE lexicon; 3: The development of Proto-Germanic; 3.1 Introduction; 3.1.1 Linguistics and archaeology; 3.2 Regular sound changes 
505 8 |a 3.2.1 The elimination of laryngeals, and related developments of vowels3.2.1 (i) Cowgillś Law; 3.2.1 (ii) The loss of laryngeals word-initially and next to nonhigh vowels; 3.2.1 (iii) Osthoffś Law; 3.2.1 (iv) Other developments of laryngeals; 3.2.1 (v) The effect of laryngeal developments on ablaut; 3.2.2 Changes affecting sonorants; 3.2.2 (i) Syllabic sonorants; 3.2.2 (ii) Auslautgesetze affecting nasals; 3.2.3 Changes affecting obstruents; 3.2.3 (i) Coronal clusters; 3.2.3 (ii) The reorganization of dorsal stops; 3.2.4 Grimmś Law and Vernerś Law; 3.2.4 (i) Grimmś Law 
505 8 |a 3.2.4 (ii) Vernerś Law and the elimination of contrastive accent3.2.4 (iii) The elimination of *gw; 3.2.4 (iv) Related changes of obstruents; 3.2.4 (v) Two disputed sound changes; 3.2.5 Sievers ́Law and unstressed syllables; 3.2.5 (i) The apocope of nonhigh short vowels; 3.2.5 (ii) Developments of Sievers ́Law; 3.2.5 (iii) The raising of unstressed *e; unstressed *ew; 3.2.5 (iv) Raising of *e by following high front vocalics; 3.2.6 Loss of *j, *w, and *ə; *uj *ij; miscellaneous consonant changes; 3.2.6 (i) Loss of *j and *w; 3.2.6 (ii) Loss of surviving *ə 
650 0 |a English language  |x History. 
650 0 |a Proto-Indo-European language. 
650 0 |a Proto-Germanic language. 
650 6 |a Indo-européen commun (Langue) 
650 6 |a Proto-germanique (Langue) 
650 7 |a LANGUAGE ARTS & DISCIPLINES  |x Linguistics  |x General.  |2 bisacsh 
650 7 |a English language  |2 fast 
650 7 |a Proto-Germanic language  |2 fast 
650 7 |a Proto-Indo-European language  |2 fast 
655 7 |a Electronic books.  |2 local 
655 7 |a History  |2 fast 
776 0 8 |i Print version:  |z 0198792581  |z 9780198792581  |w (OCoLC)972772031 
830 0 |a Linguistic history of English ;  |v volume I. 
856 4 0 |u http://proxy.library.tamu.edu/login?url=https://academic.oup.com/book/42131  |z Connect to the full text of this electronic book  |t 0 
936 |a BATCHLOAD 
955 |a Oxford Scholarship Online 
994 |a 92  |b TXA 
999 f f |i 4757ccad-c101-4e58-8966-b1d173769943  |s 61ee3c15-8c6f-4a14-a049-55447f571633  |t 0 
952 f f |a Texas A&M University  |b College Station  |c Electronic Resources  |s www_evans  |d Available Online  |t 0  |e PE1075 .R545 2017  |h Library of Congress classification 
998 f f |a PE1075 .R545 2017  |t 0  |l Available Online